Six easy pieces: essentials of physics explained by its most brilliant teacher
Збережено в:
| Автор: | |
|---|---|
| Формат: | Книга |
| Мова: | Англійська |
| Опубліковано: |
Nueva York
Basic Book
1995
|
| Предмети: | |
| Теги: |
Додати тег
Немає тегів, Будьте першим, хто поставить тег для цього запису!
|
MARC
| LEADER | 00000nam a2200000 a 4500 | ||
|---|---|---|---|
| 001 | UCG3224 | ||
| 003 | CL-VaPUC | ||
| 008 | 100819e19950000US |||||||||||||||||eng|d | ||
| 020 | |a 9780465023929 | ||
| 082 | 0 | 4 | |a 530 |b FEY |2 21 |
| 100 | 0 | |a Feynman, Richard Phillips |e author |9 340476 | |
| 245 | 1 | 0 | |a Six easy pieces: essentials of physics explained by its most brilliant teacher |
| 300 | |a 144 p | ||
| 942 | |c BK | ||
| 945 | |d 20100819 00:00:00 |a mfarfan | ||
| 260 | |a Nueva York |b Basic Book |c 1995 | ||
| 650 | 0 | |a Física |9 227844 | |
| 650 | 0 | |a Teoría de la gravedad |9 476256 | |
| 650 | 7 | |a CONSERVACION DE LA ENERGIA |2 CL-VaPUC |9 262923 | |
| 583 | |a last modification |c 20100819 00:00:00 |k Rodrigo Vera | ||
| 999 | |c 342295 |d 342293 | ||
| 952 | |0 0 |1 0 |4 0 |6 530_000000000000000_FEY_1995 |7 0 |8 A |9 438433 |a BIBCUR |b BIBCUR |d 2019-11-22 |i 4707672 |l 8 |m 3 |o 530 FEY 1995 |p 4707672 |r 2025-04-22 |s 2024-09-11 |w 2019-11-22 |y BK |k FIS | ||